<?xml version="1.0" encoding="UTF-8"?>
<record
    xmlns:xsi="http://www.w3.org/2001/XMLSchema-instance"
    xsi:schemaLocation="http://www.loc.gov/MARC21/slim http://www.loc.gov/standards/marcxml/schema/MARC21slim.xsd"
    xmlns="http://www.loc.gov/MARC21/slim">

  <leader>02737nam a22002537a 4500</leader>
  <controlfield tag="008">170729s2016        xxu||||| |||| 00| 0 eng d</controlfield>
  <datafield tag="020" ind1=" " ind2=" ">
    <subfield code="a">9780262529105</subfield>
  </datafield>
  <datafield tag="082" ind1="0" ind2="4">
    <subfield code="a">707</subfield>
    <subfield code="b">O586w</subfield>
  </datafield>
  <datafield tag="100" ind1="1" ind2=" ">
    <subfield code="a">O'Neill, Paul.</subfield>
    <subfield code="9">5472</subfield>
  </datafield>
  <datafield tag="245" ind1="1" ind2="4">
    <subfield code="a">The curatorial conundrum :</subfield>
    <subfield code="b">what to study?, what to research?, what to practice? /</subfield>
    <subfield code="c">editado por Paul O'Neill, Mick Wilson y Lucy Steeds.</subfield>
  </datafield>
  <datafield tag="250" ind1=" " ind2=" ">
    <subfield code="a">1a edici&#xF3;n.</subfield>
  </datafield>
  <datafield tag="260" ind1=" " ind2=" ">
    <subfield code="a">Estados Unidos :</subfield>
    <subfield code="b">LUMA Foundation and The Center for Curatorial Studies Bard College,</subfield>
    <subfield code="c">2016.</subfield>
  </datafield>
  <datafield tag="300" ind1=" " ind2=" ">
    <subfield code="a">262 p&#xE1;ginas.</subfield>
  </datafield>
  <datafield tag="505" ind1="0" ind2=" ">
    <subfield code="t">Preface</subfield>
    <subfield code="r">Maja Hoffmann.</subfield>
    <subfield code="t">The curatorial conundrum introduction</subfield>
    <subfield code="r">Paul O'Neill, Mick Wilson y Lucy Steeds.</subfield>
    <subfield code="t">What to study?</subfield>
    <subfield code="t">What is the future of exhibition histories? Or, toward art in terms of its becoming-public</subfield>
    <subfield code="r">Lucy Steeds.</subfield>
    <subfield code="t">Obstacles to exhibition history: institutions, curatorship and the undead nation-state</subfield>
    <subfield code="r">David Teh.</subfield>
    <subfield code="t">Under the sycamore tree curating as currency: actions that say something, words that do something</subfield>
    <subfield code="r">Jelena Vesic y Vladimir Jeric.</subfield>
    <subfield code="t">Black-british artists and problems of systemic invisibility and eradication: creating exhibition histories of that which is not there</subfield>
    <subfield code="r">Eddie Chambers.</subfield>
    <subfield code="t">The paradoxes of autonomy: a site of critique</subfield>
    <subfield code="r">Nikita Yingqian Cai.</subfield>
    <subfield code="t">Redrawing global aspirations of exhibition-making from a southern perspective: Latin American Biennal of Sao Paulo (1978) and Coloquio de Arte No-Objetual (1981)</subfield>
    <subfield code="r">Miguel A. L&#xF3;pez.</subfield>
    <subfield code="t">On the solo show: from resistance to repression</subfield>
    <subfield code="r">Joao Ribas.</subfield>
    <subfield code="t">On the case of curatorial history</subfield>
    <subfield code="r">Jeannine Tang.</subfield>
    <subfield code="t">What to research?</subfield>
    <subfield code="t">The source of our nobility and our path to the highest things</subfield>
    <subfield code="r">Luis Camnitzer.</subfield>
    <subfield code="t">It is reading that counts</subfield>
    <subfield code="r">M&#xE9;lanie Bouteloup.</subfield>
    <subfield code="t">Collectivity, conflict, imagination, transformation</subfield>
    <subfield code="r">Galit Eilat.</subfield>
    <subfield code="t">What do you want to know?</subfield>
    <subfield code="r">What, how and for whom/WHW.</subfield>
    <subfield code="t">The incomplete curator: AKA fighting the delinated field</subfield>
    <subfield code="r">Liam Gillick.</subfield>
    <subfield code="t">What to practice?</subfield>
    <subfield code="t">An autodidact's practice: investigating the reserves of the curatorial moment</subfield>
    <subfield code="r">Nancy Adajania.</subfield>
    <subfield code="t">Startegic regionalism</subfield>
    <subfield code="r">Tobias Ostrander.</subfield>
    <subfield code="t">Beign Africa: contextual narratives of artistic enviroments</subfield>
    <subfield code="r">Koyo Kouoh.</subfield>
    <subfield code="t">How to put ourselves between the closing door and its frame?</subfield>
    <subfield code="r">Zasha Cerizza Colah.</subfield>
    <subfield code="t">Il faut qu'on se bouge!</subfield>
    <subfield code="r">Sumesh Sharma.</subfield>
    <subfield code="t">Digging into the past to unearth the future</subfield>
    <subfield code="r">Hans Ulrich Obrist.</subfield>
    <subfield code="t">In search of a flashlight: the intimate politics of the curatorial </subfield>
    <subfield code="r">Vivian Ziherl.</subfield>
    <subfield code="t">Qalqalah: falling out of memory</subfield>
    <subfield code="r">Sarah Rifky.</subfield>
  </datafield>
  <datafield tag="653" ind1="1" ind2="0">
    <subfield code="a">Curadur&#xED;a</subfield>
  </datafield>
  <datafield tag="653" ind1="1" ind2="0">
    <subfield code="a">Pr&#xE1;ticas curatoriales</subfield>
  </datafield>
  <datafield tag="653" ind1="1" ind2="0">
    <subfield code="a">Arte contempor&#xE1;neo</subfield>
  </datafield>
  <datafield tag="653" ind1="1" ind2="0">
    <subfield code="a">Curadores</subfield>
  </datafield>
  <datafield tag="653" ind1="1" ind2="0">
    <subfield code="a">Investigaci&#xF3;n curatorial</subfield>
  </datafield>
  <datafield tag="653" ind1="1" ind2="0">
    <subfield code="a">Ensayos</subfield>
  </datafield>
  <datafield tag="653" ind1="1" ind2="0">
    <subfield code="a">Exhibiciones - Historia</subfield>
  </datafield>
  <datafield tag="700" ind1="1" ind2=" ">
    <subfield code="a">Wilson, Mick.</subfield>
    <subfield code="e">editor.</subfield>
    <subfield code="9">5878</subfield>
  </datafield>
  <datafield tag="700" ind1="1" ind2=" ">
    <subfield code="a">Steeds, Lucy.</subfield>
    <subfield code="e">editora.</subfield>
    <subfield code="9">4095</subfield>
  </datafield>
  <datafield tag="999" ind1=" " ind2=" ">
    <subfield code="c">1235</subfield>
    <subfield code="d">1235</subfield>
  </datafield>
  <datafield tag="952" ind1=" " ind2=" ">
    <subfield code="0">0</subfield>
    <subfield code="1">0</subfield>
    <subfield code="2">ddc</subfield>
    <subfield code="4">0</subfield>
    <subfield code="7">0</subfield>
    <subfield code="a">LV</subfield>
    <subfield code="b">LV</subfield>
    <subfield code="c">Monograf&#xED;as</subfield>
    <subfield code="d">2017-07-29</subfield>
    <subfield code="l">0</subfield>
    <subfield code="o">707 O586w</subfield>
    <subfield code="p">004421</subfield>
    <subfield code="r">2017-07-29 00:00:00</subfield>
    <subfield code="w">2017-07-29</subfield>
    <subfield code="y">01</subfield>
  </datafield>
</record>
